Statistics for Types of Pizza

Click here to take the quiz!

General Stats

  • This quiz has been taken 53 times
    (33 since last reset)
  • The average score is 4 of 17

Answer Stats

Pizza % Correct
Pepperoni
72%
Cheese
69%
Hawaiian
55%
Deep Dish
45%
Meat Trio
34%
Garden Vegetable
28%
New York
28%
Neapolitan
14%
BBQ Chicken
10%
Seafood
10%
White Pizza
10%
Stuffed Crust
7%
California
7%
Greek Pizza
3%
Tomato Pie
3%
French Bread
0%
Detroit
0%

Score Distribution

Percentile by Number Answered

Percent of People with Each Score

Your Score History

You have not taken this quiz since the last reset